| 000 | 00567nam a2200193Ia 4500 | ||
|---|---|---|---|
| 003 | GCL | ||
| 008 | 140319s9999 xx 000 0 aFre d | ||
| 040 |
_aGCL / _cGCL |
||
| 082 | 0 | 4 |
_aCC _b916.2 _bM M |
| 100 | 1 | _aWIET, GASTON | |
| 245 | 1 | 0 |
_aMATERAIUX POUR SERVIR A LA GEOGRAPHIE DE L'EGYPTE ( VOL.63 ) / _cWIET, GASTON |
| 700 | 1 | _aMASPERE, JEAN | |
| 260 |
_a[S.N] : _bINSTITUTE FOR THE HISTORY OF ARABIC SCIE ، _c1992 |
||
| 300 | _a282 P | ||
| 650 | 0 | 4 | _aGEOGRAPHY |
| 650 | 0 | 4 | _aGEOGRAPHY - EGYPT |
| 650 | 0 | 4 | _aEGYPT - DESCRIPTION AND TRAVEL |
| 942 |
_2ddc _cBK |
||
| 999 |
_c16128 _d16128 |
||